000 00433nam a2200181Ia 4500
003 LK-CoDNM
005 20241209113128.0
008 010623t1956 xxu||||| |||| 00| 1 eng d
040 _aLK-CoDNM
_dLK-CoDNM
_eLK-CoDNM
041 _aeng
080 _a294.32
_bDES
100 _aDe Silva,Arthur.
245 _aThe Riddle of Life
260 _bGunasena
_aColombo
_c1956
300 _b64p. : 18 cm
650 _aBuddha
942 _cBK
999 _c104150
_d104150